| 000 | 00397nam a22001337a 4500 | ||
|---|---|---|---|
| 082 |
_a297.5 _bALB _cL-31,P-153 |
||
| 100 |
_aNasirufing, Brig Syed _951029 |
||
| 245 | _aالباقيات الصالحات | ||
| 260 |
_aRawalpindi, _bArmy Publication Press.: _c1986. |
||
| 300 | _a121p. | ||
| 526 |
_a0 _b0 _c0 _d297_500000000000000_ALB |
||
| 526 |
_a0 _b0 _c0 _d297_500000000000000_ALB |
||
| 942 |
_2ddc _cBK |
||
| 999 |
_c553767 _d553767 |
||